Who did that metal song? #2 - Statistics

General Stats
  • This quiz has been taken 249 times
  • The average score is 8 of 25
Answer Stats
Hint Answer % Correct
Crazy Train Ozzy Osbourne
93%
Ace of Spades Motörhead
88%
Schism Tool
68%
Mother Danzig
48%
I Want Out Helloween
47%
The Philosopher Death
44%
Change (In the House of Flies) Deftones
44%
Ghost of Perdition Opeth
35%
My Girlfriend's Girlfriend Type O Negative
34%
Stupify Disturbed
33%
Davidian Machine Head
33%
Welcome to Hell Venom
33%
Superbeast Rob Zombie
25%
Stillborn Black Label Society
23%
Push It Static-X
23%
Silent Lucidity Queensrÿche
22%
Back to the Primitive Soulfly
21%
Self Bias Resistor Fear Factory
19%
Circle of the Tyrants Celtic Frost
18%
Kings of the Carnival Creation Dimmu Borgir
14%
The Quiet Place In Flames
14%
Fall from Grace Morbid Angel
13%
Stabbing the Drama Soilwork
13%
Holy Thunderforce Rhapsody
10%
March of the Crabs Anvil
8%
No matching quizzes found
Score Distribution
Percent of People with Each Score
Percentile by Number Answered
Your Score History
You have not taken this quiz